000 00638nam a2200217 a 4500
999 _c10100
_d10100
001 10100
003 BD-JhCC
005 20180417181745.0
008 180417s1978 r a|||| ||a| 000 0 ben d
035 _a(BD-JhCC)10100
040 _aBD-JhCC
_dBD-JhCC
041 _aben
082 _a520
_bLEO 1978
100 _aলেওনভ, আলেক্সেই
245 _aমহাকাশে মহামিলন /
_cআলেক্সেই লেওনভ,
260 _aমস্কো :
_bপ্রগতি প্রকাশন,
_c1978
300 _a54 p. :
_c26 cm.
650 _aSpace
942 _2ddc
_cBK